[Event "Saint Louis Showdown Blitz"]
[Site "Saint Louis"]
[Date "2016.11.14"]
[Round "9"]
[White "Nakamura, Hikaru"]
[Black "Topalov, Veselin"]
[Result "1-0"]
[WhiteElo "2779"]
[BlackElo "2760"]
[PlyCount "123"]
[EventDate "2016.11.14"]
[EventType "tourn (blitz)"]
[EventRounds "24"]
[EventCountry "USA"]
[EventCategory "22"]
[SourceTitle "CBM 176"]
[Source "ChessBase"]
[SourceDate "2017.01.17"]
[SourceVersion "1"]
[SourceVersionDate "2017.01.17"]
[SourceQuality "1"]

1. d4 Nf6 2. Bg5 d5 3. e3 e6 4. c4 h6 5. Bh4 c5 6. Nc3 cxd4 7. exd4 Be7 8. Nf3
O-O 9. Bd3 dxc4 10. Bxc4 Nc6 11. O-O Bd7 12. Re1 Rc8 13. Qe2 Nd5 14. Bxe7 Ncxe7
15. Bxd5 Nxd5 16. Nxd5 exd5 17. Qd3 Qb6 18. Ne5 Be6 19. Re2 Rc7 20. Rae1 Rfc8
21. f4 Qa6 22. Qf3 Qb6 23. Qd3 Qa6 24. Qf3 Rc1 25. Re3 Qb6 26. f5 Qxd4 27. Kf1
Bxf5 28. Qxf5 R8c7 29. R3e2 Rxe1+ 30. Rxe1 Qxb2 31. Nd3 Qb5 32. Kg1 g6 33. Qf6
Qb6+ 34. Qxb6 axb6 35. Nb4 d4 36. Nd5 Rc2 37. Rd1 Rxa2 38. Nxb6 Ra6 39. Nd5 Rd6
40. Rxd4 Kg7 41. Kf2 b5 42. Ke3 g5 43. Ke4 Re6+ 44. Kd3 Kg6 45. Ne3 f5 46. Rd5
f4 47. Ng4 b4 48. Rb5 Kh5 49. Ne5 b3 50. Kc3 Rd6 51. Rxb3 Rd5 52. Nd3 Ra5 53.
Kd2 Ra1 54. Ke2 Rh1 55. h3 Kh4 56. Ne5 Ra1 57. Kf2 Ra2+ 58. Kg1 Re2 59. Nf3+
Kh5 60. Rb6 Ra2 61. Ne5 Rc2 62. Kh2 1-0

[Event "Corus-B"]
[Site "Wijk aan Zee"]
[Date "2004.01.18"]
[Round "7"]
[White "Nakamura, Hikaru"]
[Black "Nijboer, Friso"]
[Result "1-0"]
[WhiteElo "2571"]
[BlackElo "2586"]
[Annotator "Atlas,V"]
[PlyCount "85"]
[EventDate "2004.01.10"]
[EventType "tourn"]
[EventRounds "13"]
[EventCountry "NED"]
[EventCategory "13"]
[SourceTitle "CBM 099"]
[Source "ChessBase"]
[SourceDate "2004.03.30"]
[SourceVersion "1"]
[SourceVersionDate "2004.03.30"]
[SourceQuality "1"]

1. d4 Nf6 2. Bg5 c5 3. d5 Qb6 4. Nc3 Qxb2 5. Bd2 Qb6 6. e4 e5 7. f4 d6 8. Nf3
Nbd7 9. fxe5 dxe5 10. Bc4 Qd8 11. Rb1 Bd6 12. O-O O-O 13. Bg5 h6 14. Bh4 a6 15.
a4 Qa5 16. Be1 Qd8 17. Nh4 Ne8 18. Nf5 Ndf6 19. Ne3 Be7 20. Bg3 Nd6 21. Qd3 Nd7
22. Nf5 Kh7 23. Rf3 g6 24. Nxd6 Bxd6 25. Bf2 $2 ({Allows Black to develop
dangerous initiative on the kingside.} 25. Rbf1 {was to be preferred.}) 25...
Nf6 26. h3 Nh5 27. Be3 Rb8 28. Rbf1 f6 29. Qd2 g5 30. h4 $2 ({A dubious
continuation, simplifying Black's task. More stubborn was} 30. Bd3) 30... g4
31. R3f2 f5 32. exf5 g3 33. Rf3 Qxh4 34. Re1 Qxc4 35. Bxh6 Bxf5 36. Bxf8 Rxf8
37. Qg5 Bg6 $4 ({A terrible mistake in a winning position. After} 37... Qd4+ {
or 37...Qg4 White's position is defenseless.}) {[%tqu "En","How can Whtie take
advantage of Black's last imprudent move?","Exploit an unfortunate placement
of the enemy queen and ashaky position of the black knight.","Use your e1-rook
for the decisive strike!","e1e4","This excellent move punishes Black's last
careless move and decides the game for White.",6]} 38. Re4 $3 {[%csl Rc4,Ge4,
Gf3,Gg5,Rg6,Rh5,Rh7] This unexpected thrust of the white rook yields White a
decisive advantage.} Rf5 ({The rook is invulnerable:} 38... Bxe4 39. Qxh5+ Kg7
40. Rxg3+ Kf6 41. Qh6+ Ke7 42. Rg7+ Rf7 43. Qe6+ {, with mate in three. Yet,
the text move is insufficient too.}) 39. Qxf5 $1 Bxf5 40. Rxc4 Nf4 41. Ne4 Bf8
42. Nxg3 Bd7 43. Nh5 1-0

[Event "Mallorca Trophy-A"]
[Site "playchess.com INT"]
[Date "2004.02.08"]
[Round "1.1"]
[White "Nakamura, Hikaru"]
[Black "Wahls, Matthias"]
[Result "1-0"]
[WhiteElo "2571"]
[BlackElo "2546"]
[PlyCount "167"]
[EventDate "2004.02.08"]
[EventType "tourn (blitz)"]
[EventRounds "12"]
[EventCountry "GER"]
[EventCategory "12"]
[SourceTitle "CBM 098 Extra"]
[Source "ChessBase"]
[SourceDate "2004.03.10"]
[SourceVersion "2"]
[SourceVersionDate "2004.03.10"]
[SourceQuality "1"]

1. d4 Nf6 2. Bg5 c5 3. d5 Ne4 4. Bf4 Qb6 5. Bc1 g6 6. f3 Nd6 7. e4 Bg7 8. Nc3
f5 9. exf5 Nxf5 10. d6 Qxd6 11. Qxd6 Bxc3+ 12. Bd2 Nxd6 13. Bxc3 O-O 14. O-O-O
Nc6 15. h4 Nf5 16. Bd3 Ne3 17. Rd2 d5 18. Re2 d4 19. Bd2 Nf1 20. Be1 e5 21. Bf2
Bf5 22. Nh3 Bxd3 23. cxd3 Ne3 24. Bxe3 dxe3 25. Rxe3 Rad8 26. a3 Rfe8 27. Ng5
h6 28. Ne4 Kg7 29. Nxc5 Rc8 30. Kb1 b6 31. Ne4 Rcd8 32. Rc1 Re6 33. Rc3 Rd7 34.
Re1 Nd4 35. Rec1 Nf5 36. g3 Kf7 37. Rc7 Ree7 38. Rxd7 Rxd7 39. Rc6 Nd4 40. Rf6+
Kg7 41. g4 Ne2 42. Re6 Rxd3 43. Rxe5 Rxf3 44. Re7+ Rf7 45. Re5 Nd4 46. Nd6 Rd7
47. Rd5 Kf6 48. Rxd4 Ke5 49. Ra4 Kxd6 50. Kc2 Ke6 51. Re4+ Kf6 52. b4 a5 53.
Kc3 axb4+ 54. Rxb4 Rd6 55. a4 g5 56. hxg5+ Kxg5 57. Rc4 Rf6 58. Kb3 Re6 59. Kb4
Rf6 60. Kb5 Re6 61. Rc6 Re4 62. Rxb6 Rxg4 63. a5 Rg1 64. a6 Rb1+ 65. Kc6 Ra1
66. Kb7 h5 67. a7 Rxa7+ 68. Kxa7 Kg4 69. Rg6+ Kf3 70. Rh6 Kg4 71. Kb6 h4 72.
Kc5 h3 73. Kd4 Kg3 74. Ke3 Kg2 75. Rg6+ Kf1 76. Rh6 Kg2 77. Rg6+ Kf1 78. Rf6+
Kg2 79. Rf2+ Kg3 80. Rf5 h2 81. Rg5+ Kh3 82. Kf2 h1=N+ 83. Kf3 Kh2 84. Rg8 1-0

[Event "ARM-ch"]
[Site "Yerevan"]
[Date "2005.05.07"]
[Round "8"]
[White "Nalbandian, Tigran"]
[Black "Petrosian, Tigran L"]
[Result "1-0"]
[WhiteElo "2508"]
[BlackElo "2599"]
[PlyCount "92"]
[EventDate "2005.04.29"]
[EventType "tourn"]
[EventRounds "11"]
[EventCountry "ARM"]
[EventCategory "11"]
[SourceTitle "CBM 107"]
[Source "ChessBase"]
[SourceDate "2005.08.01"]
[SourceVersion "1"]
[SourceVersionDate "2005.08.01"]
[SourceQuality "1"]

1. d4 Nf6 2. Bg5 e6 3. Nf3 Be7 4. c4 c5 5. e3 Qb6 6. Qb3 Qa5+ 7. Nc3 Nc6 8. d5
Nb8 9. Rd1 h6 10. Bh4 O-O 11. d6 Bd8 12. Bd3 Nc6 13. Bb1 Ne8 14. Qc2 f5 15.
Bxd8 Qxd8 16. e4 e5 17. exf5 Nd4 18. Qd3 Nxd6 19. f6 e4 20. Nxe4 Nxe4 21. Qxe4
Nxf3+ 22. Qxf3 Qxf6 23. Qd5+ Qe6+ 24. Be4 Qxd5 25. Bxd5+ Kh8 26. O-O Rb8 27.
Rfe1 b5 28. cxb5 Rxb5 29. b3 Rb6 30. Rc1 d6 31. Re7 a5 32. Rce1 Bf5 33. Ra7 Rb4
34. Rxa5 Rd4 35. Ra8 Rxa8 36. Bxa8 Rd2 37. a4 Be6 38. h4 Bf7 39. Ra1 Bxb3 40.
a5 c4 41. a6 c3 42. a7 c2 43. Bf3 Bd5 44. Kh2 Ba8 45. Bxa8 Rd1 46. Rxd1 cxd1=N
1-0

[Event "Chess.com Bullet Open 2"]
[Site "chess.com INT"]
[Date "2020.12.19"]
[Round "11"]
[White "Narayanan, SL."]
[Black "Supi, L."]
[Result "1-0"]
[WhiteElo "2618"]
[BlackElo "2572"]
[PlyCount "119"]
[EventDate "2020.12.19"]
[EventType "swiss (blitz)"]
[EventRounds "21"]
[SourceTitle "The Week in Chess 1363"]
[Source "Mark Crowther"]
[SourceDate "2020.12.21"]
[SourceVersion "1"]
[SourceVersionDate "2020.12.21"]
[SourceQuality "2"]

1. d4 Nf6 2. Bg5 e6 3. e4 h6 4. Bxf6 Qxf6 5. c3 d6 6. Nd2 e5 7. Bb5+ c6 8. Bd3
exd4 9. cxd4 Qxd4 10. Qc2 Qb6 11. Ngf3 Be7 12. O-O Na6 13. Nc4 Qc7 14. a3 Nc5
15. Be2 Bg4 16. b4 Ne6 17. Rad1 O-O 18. Ne3 Bxf3 19. Bxf3 Bf6 20. Bg4 Rad8 21.
Bxe6 fxe6 22. Qb3 d5 23. f4 Qb6 24. e5 Be7 25. Kh1 Rf7 26. g3 Rdf8 27. Qd3 Qb5
28. Qg6 Qe2 29. Ng2 c5 30. Qxe6 cxb4 31. axb4 Bxb4 32. Qxd5 Kh8 33. Nh4 Kh7 34.
e6 Rf6 35. f5 Re8 36. Ng2 Rexe6 37. Nf4 Qe4+ 38. Qxe4 Rxe4 39. Nd5 Bf8 40.
Nxf6+ gxf6 41. Rd7+ Re7 42. Rxe7+ Bxe7 43. Rd1 Kg7 44. Rd7 Kf7 45. Rxb7 a5 46.
Ra7 a4 47. Rxa4 h5 48. Rh4 Kg7 49. Rxh5 Bd6 50. g4 Be5 51. h3 Bf4 52. Kg2 Bg5
53. Kf3 Bc1 54. Ke4 Bd2 55. Kd5 Bc1 56. Ke6 Bd2 57. h4 Bc1 58. g5 fxg5 59. hxg5
Bxg5 60. Rxg5+ 1-0

[Event "CZE-SVK Cup blitz"]
[Site "Prague"]
[Date "2008.09.21"]
[Round "3"]
[White "Navara, David"]
[Black "Ftacnik, Lubomir"]
[Result "1-0"]
[WhiteElo "2646"]
[BlackElo "2544"]
[PlyCount "84"]
[EventDate "2008.09.21"]
[EventType "team (blitz)"]
[EventRounds "2"]
[EventCountry "CZE"]
[SourceTitle "CBM 126 Extra"]
[Source "ChessBase"]
[SourceDate "2008.11.05"]
[SourceVersion "1"]
[SourceVersionDate "2008.11.05"]
[SourceQuality "1"]
[WhiteTeam "Czech Republic"]
[BlackTeam "Slovakia"]
[WhiteTeamCountry "CZE"]
[BlackTeamCountry "SVK"]

1. d4 Nf6 2. Bg5 g6 3. Bxf6 exf6 4. e3 Bg7 5. c4 f5 6. Nc3 d6 7. g3 O-O 8. Bg2
c6 9. Nge2 Be6 10. b3 a5 11. O-O Na6 12. Rc1 Nc7 13. d5 Bd7 14. dxc6 Bxc6 15.
Nf4 Bxg2 16. Kxg2 Qd7 17. Nfd5 Bxc3 18. Nxc3 Rfd8 19. Qf3 Qc6 20. Rfd1 Rac8 21.
Rc2 Qxf3+ 22. Kxf3 b5 23. cxb5 Nxb5 24. Rdc1 Nxc3 25. Rxc3 Rxc3 26. Rxc3 Kf8
27. Rc4 Rb8 28. Ke2 Ke7 29. Kd3 Ke6 30. Kc3 g5 31. a4 g4 32. b4 d5 33. Rc6+ Kd7
34. b5 Re8 35. Ra6 Re4 36. Rxa5 Rc4+ 37. Kb3 Rc1 38. Ra7+ Ke6 39. a5 Rb1+ 40.
Ka4 Ra1+ 41. Kb4 Rb1+ 42. Kc5 Rb2 1-0

[Event "World Blitz 2018"]
[Site "St Petersburg RUS"]
[Date "2018.12.30"]
[Round "15.24"]
[White "Nihal, Sarin"]
[Black "Le Quang Liem"]
[Result "1-0"]
[WhiteElo "2576"]
[BlackElo "2714"]
[PlyCount "111"]
[EventDate "2018.12.29"]
[EventType "swiss (blitz)"]
[EventRounds "21"]
[EventCountry "RUS"]
[SourceTitle "The Week in Chess 1260"]
[Source "Mark Crowther"]
[SourceDate "2018.12.31"]
[SourceVersion "2"]
[SourceVersionDate "2019.08.03"]
[SourceQuality "2"]

1. d4 Nf6 2. Bg5 d5 3. e3 c5 4. Bxf6 gxf6 5. dxc5 Nc6 6. Bb5 e6 7. c4 a6 8.
Bxc6+ bxc6 9. Nf3 Bxc5 10. O-O O-O 11. Nbd2 Rb8 12. Qc2 Be7 13. Rfd1 f5 14.
Rac1 Bf6 15. b3 Bd7 16. Nf1 Bh8 17. Ng3 Qf6 18. Qd2 Rfd8 19. Qa5 Be8 20. Nh5
Qe7 21. Nf4 Qb4 22. Qxb4 Rxb4 23. Nd3 Rbb8 24. Nc5 a5 25. Nd4 Rdc8 26. Kf1 Bf6
27. h3 Be7 28. Nd3 c5 29. Nf3 dxc4 30. bxc4 f6 31. Nd2 Kf7 32. Ke2 Bc6 33. g3
a4 34. Rb1 e5 35. Rxb8 Rxb8 36. Rb1 Rc8 37. Rb6 Ke8 38. Nb1 Kd7 39. Nc3 Kc7 40.
Rb1 Rd8 41. Rb2 Rb8 42. Nd5+ Bxd5 43. Rxb8 Bf3+ 44. Kxf3 Kxb8 45. Ke2 Kb7 46.
f3 Kb6 47. e4 fxe4 48. fxe4 Bf8 49. Kf3 h5 50. h4 Bh6 51. g4 Kc6 52. gxh5 Kd6
53. Kg4 Be3 54. Kf5 Ke7 55. Kg6 Kf8 56. Kxf6 1-0

[Event "World Blitz 2018"]
[Site "St Petersburg RUS"]
[Date "2018.12.29"]
[Round "5.48"]
[White "Nihal, Sarin"]
[Black "Salem, AR."]
[Result "1-0"]
[WhiteElo "2576"]
[BlackElo "2660"]
[PlyCount "81"]
[EventDate "2018.12.29"]
[EventType "swiss (blitz)"]
[EventRounds "21"]
[EventCountry "RUS"]
[SourceTitle "The Week in Chess 1260"]
[Source "Mark Crowther"]
[SourceDate "2018.12.31"]
[SourceVersion "2"]
[SourceVersionDate "2019.08.03"]
[SourceQuality "2"]

1. d4 Nf6 2. Bg5 Ne4 3. Bf4 c5 4. f3 Nf6 5. dxc5 Na6 6. Nc3 Nxc5 7. e4 d6 8.
Qd2 Ne6 9. Be3 g6 10. O-O-O Bg7 11. h4 h5 12. Nh3 Bd7 13. Bc4 Rc8 14. Bb3 O-O
15. Bh6 b5 16. Bxg7 Kxg7 17. Kb1 a5 18. Bxe6 fxe6 19. e5 dxe5 20. Ng5 Qc7 21.
Qxd7 Qxd7 22. Rxd7 Nxd7 23. Nxe6+ Kf6 24. Nxf8 Nxf8 25. Nxb5 Ne6 26. Nc3 Nd4
27. Ne4+ Kf5 28. c3 Ne2 29. Re1 Nf4 30. g3 Nd5 31. Re2 a4 32. a3 Nb6 33. Kc2
Nc4 34. Nf2 Rb8 35. Nd3 Rb5 36. Re4 Nb6 37. c4 Ra5 38. Kc3 Nd7 39. Kb4 Ra8 40.
c5 Nf6 41. Rxe5# 1-0

[Event "Chess24 Banter QualA 2020"]
[Site "chess24.com INT"]
[Date "2020.09.05"]
[Round "3.6"]
[White "Nihal, Sarin"]
[Black "Shankland, S."]
[Result "1-0"]
[WhiteElo "2620"]
[BlackElo "2691"]
[PlyCount "85"]
[EventDate "2020.09.01"]
[EventType "k.o. (blitz)"]
[EventRounds "3"]
[SourceTitle "The Week in Chess 1348"]
[Source "Mark Crowther"]
[SourceDate "2020.09.07"]
[SourceVersion "1"]
[SourceVersionDate "2020.09.07"]
[SourceQuality "2"]

1. d4 Nf6 2. Bg5 d5 3. e3 e6 4. Nd2 c5 5. c3 Be7 6. Ngf3 Nbd7 7. Bd3 b6 8. O-O
Bb7 9. Ne5 h6 10. Bxf6 Nxf6 11. Bb5+ Kf8 12. a4 g6 13. Bd3 Kg7 14. Qc2 Qe8 15.
a5 c4 16. Be2 b5 17. a6 Bc6 18. f4 Ne4 19. Nxe4 dxe4 20. b3 cxb3 21. Qxb3 Rb8
22. Rfb1 Bd5 23. Qb2 f6 24. Ng4 h5 25. Nf2 Bc6 26. Qc2 f5 27. Rb2 Qd7 28. Rab1
Rhc8 29. c4 b4 30. c5 g5 31. Nh3 gxf4 32. Nxf4 Bg5 33. g3 h4 34. Rxb4 Rxb4 35.
Rxb4 hxg3 36. hxg3 Bxf4 37. gxf4 Rh8 38. Kf2 Qe7 39. Ke1 Rh2 40. Qb2 Qh4+ 41.
Kd1 Qf2 42. d5+ Kg6 43. Bh5+ 1-0

[Event "PRO League Pacific"]
[Site "chess.com INT"]
[Date "2017.02.01"]
[Round "4"]
[White "Nyzhnyk, Illya"]
[Black "Perelshteyn, Eugene"]
[Result "1-0"]
[WhiteElo "2616"]
[BlackElo "2508"]
[PlyCount "105"]
[EventDate "2017.01.11"]
[EventType "team-swiss (rapid)"]
[EventRounds "7"]
[EventCountry "USA"]
[SourceTitle "CBM 176 Extra"]
[Source "ChessBase"]
[SourceDate "2017.03.02"]
[SourceVersion "1"]
[SourceVersionDate "2017.03.02"]
[SourceQuality "1"]
[WhiteTeam "Webster Windmills"]
[BlackTeam "Pittsburgh Pawngrabbers"]
[WhiteTeamCountry "USA"]
[BlackTeamCountry "USA"]

1. d4 Nf6 2. Bg5 c5 3. d5 Ne4 4. Bc1 e6 5. Nf3 exd5 6. Qxd5 Nf6 7. Qg5 d5 8. e3
h6 9. Qg3 Nc6 10. Bb5 Bd6 11. Qh4 O-O 12. O-O Bg4 13. Bxc6 bxc6 14. Nbd2 c4 15.
h3 Bd7 16. Rd1 Qc7 17. b3 c3 18. Nb1 Ne4 19. Ba3 Rae8 20. Bxd6 Qxd6 21. Qf4
Qxf4 22. exf4 Bc8 23. Ne5 Re6 24. f3 Ng3 25. Nxc3 f6 26. Nd3 Ne2+ 27. Nxe2 Rxe2
28. Rac1 Rfe8 29. Kf1 Ba6 30. Nc5 Re1+ 31. Kf2 R1e2+ 32. Kg1 Bc8 33. Kf1 R2e3
34. Re1 Kf7 35. Kf2 Rxe1 36. Rxe1 Rd8 37. c3 g5 38. fxg5 hxg5 39. g4 f5 40. Kg3
Kf6 41. a4 Rh8 42. b4 Rd8 43. Re2 Rh8 44. b5 cxb5 45. axb5 Rh7 46. Rd2 f4+ 47.
Kg2 Rc7 48. Rxd5 Be6 49. Ne4+ Ke7 50. Rxg5 Rc4 51. Rg7+ Kf8 52. Rxa7 Bd5 53. b6
1-0

[Event "URS Team Cup"]
[Site "Rostov"]
[Date "1980.??.??"]
[Round "2.2"]
[White "Palatnik, Semon"]
[Black "Geller, Efim P"]
[Result "1-0"]
[WhiteElo "2505"]
[BlackElo "2565"]
[PlyCount "29"]
[EventDate "1980.05.23"]
[EventType "team-tourn"]
[EventRounds "7"]
[EventCountry "URS"]
[SourceTitle "EXT 2015"]
[Source "ChessBase"]
[SourceDate "2014.11.20"]
[SourceVersion "1"]
[SourceVersionDate "2014.11.20"]
[SourceQuality "1"]
[WhiteTeam "Country Societies"]
[BlackTeam "Soviet Army"]
[WhiteTeamCountry "URS"]
[BlackTeamCountry "URS"]

1. d4 Nf6 2. Bg5 d5 3. Bxf6 exf6 4. e3 Be6 5. Nd2 Nd7 6. c4 Bb4 7. cxd5 Bxd5 8.
Ne2 O-O 9. Nc3 Nb6 10. a3 Bxc3 11. bxc3 c5 12. Bd3 cxd4 13. cxd4 Bxg2 14. Rg1
Bc6 15. Rxg7+ 1-0

[Event "Tilburg rapid20"]
[Site "Tilburg"]
[Date "1993.??.??"]
[Round "2"]
[White "Piket, Jeroen"]
[Black "Hertneck, Gerald"]
[Result "1-0"]
[WhiteElo "2590"]
[BlackElo "2555"]
[Annotator "Stohl,I"]
[PlyCount "55"]
[EventDate "1993.11.??"]
[EventType "k.o. (rapid)"]
[EventRounds "7"]
[EventCountry "NED"]
[SourceTitle "CBM 039"]
[Source "ChessBase"]
[SourceDate "1994.04.01"]
[SourceVersion "1"]
[SourceVersionDate "1994.04.01"]
[SourceQuality "1"]

1. d4 {Ftacnik} Nf6 2. Bg5 Ne4 3. Bf4 c5 4. d5 (4. f3 Qa5+ (4... Nf6 5. dxc5 $1
Nc6 6. e4 Qa5+ 7. Qd2 Qxc5 8. Nc3 {/\Nb5} e5 9. Be3 Qa5 10. Nb5 Qd8 11. O-O-O
b6 12. Ne2 Bb7 13. Ng3 Rc8 14. Nd6+ Bxd6 15. Qxd6 Ne7 16. Qxe5 O-O 17. Bb5 $16
{Salov,V-Renet,O/EUCup f/1993/}) 5. c3 Nf6 6. Nd2 cxd4 7. Nb3 Qb6 8. cxd4 d5 9.
Rc1 Nc6 10. e3 Bf5 (10... e6 11. g4 a5 12. Ne2 Bb4+ 13. Kf2 O-O 14. a4 Bd7 15.
Ng3 Rfc8 16. g5 Ne8 17. Bb5 Qd8 18. Ne2 Na7 19. Bxd7 Qxd7 20. Rxc8 Rxc8 21.
Nbc1 Bd6 $10 {Hodgson,JM-Mozetic,D/Belgrade/1993/}) 11. Ne2 e6 12. Nc3 Rc8 13.
g4 Bg6 14. h4 h6 15. Kf2 Qd8 16. Bb5 Bd6 17. Ne2 O-O 18. Nc5 Bxc5 19. Rxc5 Qb6
20. Bxc6 Rxc6 21. Rxc6 Qxc6 $10 {Hodgson,JM-Wojtkiewicz,A/Rakvere/1993/}) 4...
Qb6 (4... d6 5. f3 Nf6 6. c4 (6. e4 $142 $14) 6... e5 7. dxe6 fxe6 8. e4 Nc6 9.
Nc3 Be7 10. Bd3 O-O 11. Nge2 e5 12. Be3 a6 13. Qd2 Rb8 14. O-O Be6 15. h3 Nh5
16. g4 Nd4 $1 $36 {Keogh,E-Kumaran,D/Dublin zt/1993/}) 5. Nd2 (5. Bc1 g6 6. f3
Nd6 $5 7. e4 Bg7 8. Nd2 O-O 9. f4 e6 10. e5 Nf5 11. Nc4 Qd8 12. Ne3 Nxe3 13.
Bxe3 d6 14. Nf3 dxe5 15. dxe6 Bxe6 16. Nxe5 Nd7 $17 {Legky,N-Rotstein,A/Cannes
op/1992/}) 5... Nxd2 (5... Qxb2 $142 $5 6. Nxe4 Qb4+ 7. Qd2 Qxe4 8. e3 (8. Nf3
d6 9. e3 Qb4 10. c3 Qa5 11. Rb1 g6 12. e4 Bg7 13. e5 O-O 14. Be2 Nd7 15. Rb5
Qc7 16. exd6 exd6 17. Bh6 Nf6 18. Bxg7 Kxg7 $17 {Adams,M-Gelfand,B/Tilburg/
1992/}) 8... e5 9. dxe6 Qxe6 10. Ne2 b6 11. Nc3 Bb7 12. Rd1 Be7 13. Nb5 O-O 14.
Nc7 Qxa2 15. c4 Qb3 16. f3 Bh4+ 17. Bg3 Bf6 18. Kf2 Nc6 19. Nxa8 Bxa8 $15 {
Klinger,J-Dimitrov,V/Velden/1993/}) 6. Bxd2 Qxb2 (6... d6 7. Bc3 Nd7 8. e4 Nf6
9. Qe2 g6 10. O-O-O Bg7 11. f4 O-O 12. e5 Ne8 13. g3 e6 14. Bg2 dxe5 15. Bxe5
exd5 16. Bxd5 Nf6 $132 {1/2:1/2/David,Al-Jansa,V/Prague/1993/}) 7. e4 d6 $146 (
7... Qe5 $6 8. Bd3 Qc7 9. c4 e5 10. f4 exf4 11. Nf3 d6 12. Bxf4 Be7 13. O-O O-O
14. e5 dxe5 15. Bxe5 Bd6 16. Bb2 h6 17. Qe1 Bg4 18. Qh4 $40 {Heissel,
G-Kummerow,H/Dortmund op-A/1993/}) (7... g6 8. Rb1 (8. Ne2 Bg7 9. Rb1 Qxa2 10.
Nc3 Qa5 11. Nb5 Qb6 12. d6 exd6 13. Bf4 O-O 14. Bc4 Nc6 15. Bxd6 Ne5 16. Bxf8
Qa5+ $1 17. Qd2 Qxd2+ 18. Kxd2 Nxc4+ 19. Ke2 Bxf8 $19 {Nilsson,N-Dvoirys,S/
Cheljabinsk/1992/}) 8... Qe5 9. Bd3 Bg7 10. c4 Qc7 11. h4 $5 d6 12. h5 Nd7 13.
f4 O-O 14. Nf3 Nf6 15. hxg6 fxg6 16. Ng5 e5 $5 17. dxe6 h6 18. Nf7 Bxe6 19.
Nxh6+ Bxh6 20. Rxh6 Qg7 $13 {Hodgson,Ju-Jonsson,B/Reykjavik/1989/}) 8. Rb1 Qf6
(8... Qxa2 $2 9. Bc3 Qa3 10. Qd2 {/\Ra1+-}) 9. f4 e5 (9... e6 $5 10. Bb5+ Nd7
11. Nf3 $44) 10. Bb5+ Nd7 11. Nf3 exf4 $8 (11... Be7 12. fxe5 dxe5 13. O-O {
/\Ng5} O-O 14. Bc3 $16) 12. O-O Be7 13. e5 $1 $36 dxe5 14. Bc3 O-O (14... Bd6
15. Nxe5 $1 (15. Bxe5 {Ftacnik} Bxe5 16. Nxe5 $16) 15... Bxe5 16. Bxe5 $40) (
14... Qd6 15. Bxe5 $16) 15. Bxd7 Bxd7 16. Rxb7 Rfd8 (16... Bc8 17. Bxe5 Bxb7 $8
18. Bxf6 Bxf6 19. c4 $16) 17. Nxe5 Bd6 18. Re1 (18. Qa1 Bxe5 19. Bxe5 Qa6 20.
Bxg7 Qxb7 21. Bh6 f6 22. Qxf6 Bf5 $1 $8 (22... Bg4 23. Rxf4 Bd1 24. Qe6+ Kh8
25. Rf7 $18) 23. Qxf5 Rxd5 24. Qg4+ Kh8 $13) (18. Qe1 {Ftacnik} Bxe5 19. Bxe5
Qa6 $13) 18... Bxe5 19. Bxe5 Qg6 (19... Qa6 20. Rc7 $36 (20. Rxd7 Rxd7 21. Bxg7
Qg6 $15 (21... Rad8 {Ftacnik} 22. Ba1 $40))) 20. c4 $1 (20. Bxf4 $6 Bc6 21.
Rbe7 Qf5 $15) 20... Bg4 21. Qd2 f3 22. Re7 $1 {/\Bc7,d6-d7} Bh3 (22... fxg2 {
Ftacnik} 23. Bc7 Rf8 24. d6 $16) 23. Bc7 Rf8 (23... Bxg2 24. Bxd8 (24. Qf2 $5)
24... Bh3+ 25. Kf2 Qg2+ 26. Ke3 Rxd8 27. Qxg2 fxg2 (27... Bxg2 {Ftacnik} 28.
Rxa7 $16) 28. Kf2 $18) 24. Qf2 Bxg2 25. Qg3 Qa6 (25... Qxg3 26. hxg3 {/\d6-d7+-
}) (25... Qf5 26. d6 h5 27. d7 g5 28. R7e5 $18) 26. Be5 g6 (26... Qg6 $142 27.
Qxg6 hxg6 28. d6 Bh3 29. d7 Rfd8 30. Rd1 f6 31. Bc7 Kf8 $5 $16) 27. Bb2 $40 {
/\Qe5+-} Rab8 $2 (27... Rac8 28. Qg5 $1 {/\Qh6} Qxa2 29. Qf6 $18) 28. Qxb8 $1 (
28. Qxb8 Rxb8 29. Re8+ Rxe8 30. Rxe8#) 1-0

[Event "Speed Chess Super Swiss"]
[Site "chess.com INT"]
[Date "2020.10.03"]
[Round "2"]
[White "Piorun, K."]
[Black "Kantans, T."]
[Result "1-0"]
[WhiteElo "2615"]
[BlackElo "2501"]
[PlyCount "79"]
[EventDate "2020.10.03"]
[EventType "swiss (blitz)"]
[EventRounds "15"]
[SourceTitle "The Week in Chess 1352"]
[Source "Mark Crowther"]
[SourceDate "2020.10.05"]
[SourceVersion "1"]
[SourceVersionDate "2020.10.05"]
[SourceQuality "2"]

1. d4 Nf6 2. Bg5 Ne4 3. h4 d5 4. Nd2 Nxg5 5. hxg5 Bf5 6. e3 e6 7. f4 f6 8. gxf6
Qxf6 9. Bd3 Nd7 10. Ngf3 O-O-O 11. Qe2 Kb8 12. O-O-O c5 13. Bxf5 Qxf5 14. c3
Be7 15. g4 Qxg4 16. Rdg1 Qf5 17. Rxg7 Bf6 18. Nh4 Bxh4 19. Rxh4 cxd4 20. exd4
h6 21. Qh5 Qxh5 22. Rxh5 Nf6 23. Rh4 h5 24. Rg6 Rdf8 25. Nf3 Ng4 26. Ne5 Nxe5
27. fxe5 Re8 28. Rg5 Kc7 29. Rgxh5 Rxh5 30. Rxh5 Rg8 31. Rh7+ Kc6 32. Re7 Rg6
33. Kc2 a5 34. a4 b6 35. Kb3 Rh6 36. Rf7 Rg6 37. Rf6 Rxf6 38. exf6 Kd7 39. c4
Ke8 40. c5 1-0

[Event "TCh-RUS Rapid 2018"]
[Site "Sochi RUS"]
[Date "2018.10.08"]
[Round "4.1"]
[White "Ponkratov, P."]
[Black "Chigaev, M."]
[Result "1-0"]
[WhiteElo "2628"]
[BlackElo "2599"]
[PlyCount "83"]
[EventDate "2018.10.08"]
[EventType "team (rapid)"]
[EventRounds "9"]
[EventCountry "RUS"]
[SourceTitle "The Week in Chess 1248"]
[Source "Mark Crowther"]
[SourceDate "2018.10.08"]
[SourceVersion "4"]
[SourceVersionDate "2019.08.03"]
[SourceQuality "2"]
[WhiteTeam "Yuzhnyy Ural (Chelyabinskaya oblast)"]
[BlackTeam "Archibald Chess (g. Sochi, Krasnodarski"]

1. d4 Nf6 2. Bg5 Ne4 3. Bh4 c5 4. dxc5 Nxc5 5. Nc3 Nc6 6. e4 d6 7. Nf3 g6 8. e5
Bg7 9. exd6 Qxd6 10. Qxd6 exd6 11. Nb5 O-O 12. O-O-O Be6 13. Nc7 Rac8 14. Nxe6
Nxe6 15. Kb1 Ne5 16. Rxd6 Nxf3 17. gxf3 Nd4 18. Bh3 f5 19. f4 Nxc2 20. Rhd1 Nb4
21. Rd7 Rf7 22. a3 Na6 23. Rxf7 Kxf7 24. Rd7+ Kg8 25. Rxb7 Nc5 26. Rxa7 Nd3 27.
Rd7 Rc1+ 28. Ka2 Rd1 29. Rd8+ Kf7 30. Bg2 Bf6 31. Bd5+ Ke7 32. Bxf6+ Kxf6 33.
Rd7 Nxf4 34. Bc6 Nd3 35. a4 Rd2 36. Ka3 Rd1 37. Ka2 Rd2 38. Bb5 Rxb2+ 39. Ka3
Rxf2 40. Rxd3 Rxh2 41. a5 Rc2 42. a6 1-0